HR nie je iba prijímanie zamestnancov

Práca s ľudskými zdrojmi. Prijatie zamestnanca s kvalitným potenciálom. Obsadzovanie výkonných pozícií. Development zamestnancov a jeho fázy.

Saved in:
Bibliographic Details
Main Author: Jakubčíková, Eva
Other Authors: Baumgartnerová, Monika
Format: Book Chapter
Language:Slovak
Subjects:
Tags: Add Tag
No Tags, Be the first to tag this record!

MARC

LEADER 00000naa$a2200000$$$4500
001 0041027
005 20231006121536.0
041 0 |a slo 
044 |a SK 
245 1 0 |a HR nie je iba prijímanie zamestnancov  |c Eva Jakubčíková, Monika Baumgartnerová 
520 |a Práca s ľudskými zdrojmi. Prijatie zamestnanca s kvalitným potenciálom. Obsadzovanie výkonných pozícií. Development zamestnancov a jeho fázy. 
610 2 0 |a komunikácia manažérska 
610 2 0 |a manažéri 
610 2 0 |a riadenie ľudských zdrojov 
610 2 0 |a zamestnanci 
610 2 0 |a motivácia 
100 1 |a Jakubčíková, Eva 
700 1 |a Baumgartnerová, Monika